000 00431nam a2200133Ia 4500
008 100328s9999 xx 000 0 und d
082 _b27890
100 _aदळवी जयवंत
245 _aकशासाठी पोटासाठी
260 _bमॅजेस्टिक
630 _aकशासाठी पोटासाठी
730 _aकशासाठी पोटासाठी
942 _cBOOK
999 _c519576
_d519573